Concierto por la Orquesta de Laúdes Españoles "Roberto Grandío" (de la A. L. E.) (Record no. 4574)
[ view plain ]
| 000 -LEADER | |
|---|---|
| campo de control de longitud fija | 01742njm a2200325 i 4500 |
| 001 - NÚMERO DE CONTROL | |
| campo de control | 4574 |
| 003 - IDENTIFICADOR DE NÚMERO DE CONTROL | |
| campo de control | ES-MaACL |
| 005 - FECHA Y HORA DE LA ÚLTIMA TRANSACCIÓN | |
| campo de control | 20250823102459.0 |
| 007 - CAMPO FIJO DE DESCRIPCIÓN FÍSICA--INFORMACIÓN GENERAL | |
| campo de control de longitud fija | s|r||||||||||| |
| 008 - DATOS DE LONGITUD FIJA--INFORMACIÓN GENERAL | |
| campo de control de longitud fija | 041207s1982 sp ||| g ||||||||1|nspa d |
| 245 00 - MENCIÓN DEL TÍTULO | |
| Título | Concierto por la Orquesta de Laúdes Españoles "Roberto Grandío" (de la A. L. E.) |
| Medio | [Grabación sonora] / |
| Mención de responsabilidad, etc. | director Miguel Groba Groba ; orquestación y adaptación Manuel Grandio Arcis, Roberto Grandio Rojo. |
| 260 ## - PUBLICACIÓN, DISTRIBUCIÓN, ETC. | |
| Lugar de publicación, distribución, etc. | Madrid : |
| Nombre del editor, distribuidor, etc. | Ateneo de Madrid, |
| Fecha de publicación, distribución, etc. | 1982. |
| 300 ## - DESCRIPCIÓN FÍSICA | |
| Extensión | 2 discos (CD-DA) (1 h. 36 min. 46 seg.) ; |
| Dimensiones | 12 cm. |
| 500 ## - NOTA GENERAL | |
| Nota general | Datos basados en invitación. |
| 505 8# - NOTA DE CONTENIDO CON FORMATO | |
| Nota de contenido con formato | Contiene: Sonata / Fernando Sor. Concierto en do mayor para bandurria y orquesta / Antonio Vivaldi. In memoriam a Bartok / Valentín Ruiz. En el convento / Alexander Borodin. Suite para bandurria y orquesta / Napoleón Coste. Serenata / Joaquín Turina ; solita Pedro Chamorro |
| 518 ## - NOTA DE FECHA/HORA Y LUGAR DE UN ACONTECIMIENTO | |
| Nota de fecha/hora y lugar de un acontecimiento | Acto organizado por la Sección de Música del Ateneo de Madrid patrocinado por el Ministerio de Cultura, grabado en el salón de actos el sábado 27 de noviembre de 1982, a las 19:00 h. |
| 610 24 - PUNTO DE ACCESO ADICIONAL DE MATERIA--NOMBRE DE ENTIDAD CORPORATIVA | |
| Nombre de entidad corporativa o nombre de jurisdicción como elemento de entrada | Ateneo de Madrid- |
| Subdivisión general | Actos culturales- |
| Subdivisión cronológica | 1982- |
| Subdivisión de forma | Grabaciones sonoras. |
| 9 (RLIN) | 1895 |
| 610 24 - PUNTO DE ACCESO ADICIONAL DE MATERIA--NOMBRE DE ENTIDAD CORPORATIVA | |
| Nombre de entidad corporativa o nombre de jurisdicción como elemento de entrada | Orquesta de Laúdes Españoles "Roberto Grandío" |
| 9 (RLIN) | 6080 |
| 650 #7 - PUNTO DE ACCESO ADICIONAL DE MATERIA--TÉRMINO DE MATERIA | |
| Término de materia o nombre geográfico como elemento de entrada | Música para laúd |
| Fuente del encabezamiento o término | embne |
| 9 (RLIN) | 15414 |
| 700 1# - ENTRADA AGREGADA--NOMBRE PERSONAL | |
| Nombre de persona | Groba, Miguel ( |
| Fechas asociadas al nombre | 1935-) |
| 9 (RLIN) | 60098 |
| 700 1# - ENTRADA AGREGADA--NOMBRE PERSONAL | |
| Nombre de persona | Grandio Arcis, Manuel. |
| 9 (RLIN) | 59606 |
| 700 1# - ENTRADA AGREGADA--NOMBRE PERSONAL | |
| Nombre de persona | Grandio Rojo, Roberto. |
| 9 (RLIN) | 59607 |
| 700 1# - ENTRADA AGREGADA--NOMBRE PERSONAL | |
| Nombre de persona | Chamorro, Pedro. |
| 9 (RLIN) | 37891 |
| 710 2# - ENTRADA AGREGADA--NOMBRE DE ENTIDAD CORPORATIVA | |
| Nombre de entidad corporativa o nombre de jurisdicción como elemento de entrada | Ateneo de Madrid. |
| Unidad subordinada | Sección de Música. |
| 9 (RLIN) | 2004 |
| 710 1# - ENTRADA AGREGADA--NOMBRE DE ENTIDAD CORPORATIVA | |
| Nombre de entidad corporativa o nombre de jurisdicción como elemento de entrada | España. |
| Unidad subordinada | Ministerio de Cultura |
| 9 (RLIN) | 3850 |
| 852 ## - LOCALIZACIÓN | |
| Ubicación | ES-MaACL |
| Número de control de estantería | ROT 5/4/10 |
| itemnumber | 4691 |
| Ubicación en estantería | Rotativo |
| 852 ## - LOCALIZACIÓN | |
| Ubicación | ES-MaACL |
| Número de control de estantería | ROT 5/4/11 |
| itemnumber | 203601 |
| Ubicación en estantería | Rotativo |
| 942 ## - ELEMENTOS DE ENTRADA SECUNDARIOS (KOHA) | |
| Fuente del sistema de clasificación o colocación | Clasificación decimal universal |
| Estatus retirado | Estado de pérdida | Fuente del sistema de clasificación o colocación | Estado de daño | No para préstamo | Colección | Biblioteca de origen | Biblioteca actual | Ubicación en estantería | Fecha de adquisición | Total de préstamos | Signatura topográfica completa | Código de barras | Visto por última vez | Precio de reemplazo | Tipo de ítem Koha |
|---|---|---|---|---|---|---|---|---|---|---|---|---|---|---|---|
| Clasificación decimal universal | Archivo de la palabra | Biblioteca del Ateneo de Madrid | Biblioteca del Ateneo de Madrid | Rotativo | 17/01/2008 | ROT 5/4/10 | 1004637 | 23/02/2023 | 23/02/2023 | Archivo de ordenador en CD-ROM, CD o disquete | |||||
| Clasificación decimal universal | Archivo de la palabra | Biblioteca del Ateneo de Madrid | Biblioteca del Ateneo de Madrid | Rotativo | 17/01/2008 | ROT 5/4/11 | 17/06/2024 | 23/02/2023 | Archivo de ordenador en CD-ROM, CD o disquete |
